Труды и материалы. Сб. 4 (Запись № 13595592)

Подробности
000 -МАРКЕР
контрольное поле 01837nam2a2200289 4500
001 - ИДЕНТИФИКАТОР ЗАПИСИ
контрольное поле rc\2921389
005 - ИДЕНТИФИКАТОР ВЕРСИИ
контрольное поле 20260315054758.0
035 ## - ДРУГИЕ СИСТЕМНЫЕ НОМЕРА
Идентификатор записи (NLR Aleph) 007071565
100 ## - ДАННЫЕ ОБЩЕЙ ОБРАБОТКИ
Данные общей обработки 20110812d1940 u y0rusy50 ca
101 0# - ЯЗЫК РЕСУРСА
Язык текста, звукозаписи и т.д. русский
102 ## - СТРАНА ПУБЛИКАЦИИ ИЛИ ПРОИЗВОДСТВА
Страна публикации Российская Федерация
105 ## - ПОЛЕ КОДИРОВАННЫХ ДАННЫХ: ТЕКСТОВЫЕ МАТЕРИАЛЫ, МОНОГРАФИЧЕСКИЕ
Кодированные данные о монографическом текстовом документе a z |||||
200 0# - ЗАГЛАВИЕ И СВЕДЕНИЯ ОБ ОТВЕТСТВЕННОСТИ
Основное заглавие Сб. 4
Первые сведения об ответственности Отв. ред. дир. ин-та С.В. Иванов
Последующие сведения об ответственности Свердловск. обл. отд. здравоохранения. Свердловск. ин-т экспериментальной медицины
210 ## - ПУБЛИКАЦИЯ, РАСПРОСТРАНЕНИЕ И ДР.
Дата издания, распространения и т.д. 1940
215 ## - ФИЗИЧЕСКАЯ ХАРАКТЕРИСТИКА
Специфическое обозначение материала и объем 221, [3] с.
Другие сведения о физической характеристике ил., табл., график.
300 ## - ОБЩИЕ ПРИМЕЧАНИЯ
Текст примечания На обороте тит. л. Ред. коллегия: Левонтин, М.Л., Девирц, А.П. [и др.]
320 ## - ПРИМЕЧАНИЯ О НАЛИЧИИ В ДОКУМЕНТЕ БИБЛИОГРАФИИ / УКАЗАТЕЛЯ
Текст примечания Библиогр. в конце отд. ст.
461 #0 - УРОВЕНЬ НАБОРА
Встроенное поле 001rc\2921385
-- 2000#$aТруды и материалы$eСборник № 1-$fПод ред. дир. Ин-та С.В. Иванова и зам. дир. по науч. части М.Л. Левонтина$gУральск. обл. отд. здравоохранения. Ин-т гигиены труда и профзаболеваний$vСб. 4
Системный номер (АБИС) связанной записи 6385722
Автор Свердловский научно-исследовательский институт экспериментальной медицины
Место публикации Свердловск
Дата публикации 1933-1940
Первые сведения об ответственности Под ред. дир. Ин-та С.В. Иванова и зам. дир. по науч. части М.Л. Левонтина
Имя издателя, распространителя и т.д. Уральск. обл. гос. изд-во
Сведения, относящиеся к заглавию Сборник № 1-
Заглавие Труды и материалы
Номер тома Сб. 4
702 #1 - ИМЯ ЛИЦА - ВТОРИЧНАЯ ОТВЕТСТВЕННОСТЬ
Начальный элемент ввода Иванов
Часть имени, кроме начального элемента ввода С.В.
Код отношения Редактор
702 #1 - ИМЯ ЛИЦА - ВТОРИЧНАЯ ОТВЕТСТВЕННОСТЬ
Начальный элемент ввода Левонтин
Часть имени, кроме начального элемента ввода М.Л.
Код отношения Редактор
702 #1 - ИМЯ ЛИЦА - ВТОРИЧНАЯ ОТВЕТСТВЕННОСТЬ
Начальный элемент ввода Девирц
Часть имени, кроме начального элемента ввода А.П.
Код отношения Редактор
801 #0 - ИСТОЧНИК ЗАПИСИ
Страна Российская Федерация
Организация NLR
Правила каталогизации psbo
801 #1 - ИСТОЧНИК ЗАПИСИ
Страна Российская Федерация
Организация ELAR
Источник данных rusmarc
852 ## - МЕСТОНАХОЖДЕНИЕ И ШИФР ХРАНЕНИЯ
Идентификатор организации NLR
Шифр хранения (Call Number) 34-18/64
942 ## - ДОПОЛНИТЕЛЬНЫЕ ЭЛЕМЕНТЫ ЗАПИСИ (АБИС)
Тип экземпляра АБИС Неопределено
980 ## - КОЛЛЕКЦИЯ
Название коллекции Национальная библиография

Нет доступных экземпляров.